Statistiken für Amerling dritte Klasse - Matthäus

Klicken Sie hier um das Quiz zu spielen!

Allgemein

  • Dieses Quiz wurde 65 mal gespielt
  • Das Durchschnittsergebnis liegt bei 6 aus 8

Antwortstatistiken

FrageAntwort% Korrekt
Wie hießen beide Frauen?Maria
95%
Wie heißt der Ruhetag, nach dem die Frauen zum Grab kamen?Sabbat
76%
Welchen Satz sagen sowohl der Engel als auch Jesus?Fürchtet euch nicht
71%
Wo ist Jesus alle Macht gegeben?im Himmel und auf der Erde
71%
Welcher war der erste Satz, den Jesus zu den Frauen sagte?Seid gegrüßt
71%
Bis wann wird Jesus bei den Jüngern sein?bis zum Ende der Welt
67%
Zu wem sollten die Frauen gehen?zu den Jüngern
67%
Zu wem schickt Jesus persönlich die Jünger?zu allen Völkern
52%

Verteilung der Resultate

Perzentil nach korrekt beantworteten Fragen

Anzahl Personen mit jedem Resultat

Ihre Resultats-Entwicklung

Sie haben dieses Quiz noch nicht gespielt